zpět

Detail výsledku týmu

U Pošty - Vinohrady ČT, Praha

Datum a čas kvízu

34 Celkem bodů Celkový počet nahraných bodů na tomto kvízu bez doplňovacích otázek.
10. Pořadí na kvízu Konečné umístění týmu na tomto kvízu.

Zaznamenané odpovědi

# Otázka Odpověď Body Výsledky
1. Ministerstvo dopravy od března... 200 Kč 1
2. Jeden z vystupujících v opeře... spadly mu kalhoty 1
3. V sobotu se v Liverpoolu konal... Vesna 1
4. Poslední dny se diskutuje o ch... CBD (též HHC) 1
5. Který hráč proměnil v závěru d... Ladislav Krejčí 0
6. V tomto tématu jsme se probral... bod: D – v hospodě, půlbod: B – na stadionu 1
7. Podle čeho poznáte, že jste po... bod: C – oděv, půlbod: B – líčení 0
8. Který tanec je sexy? A – lamb... bod: B – tango, půlbod: A – lambada 1
9. Doplňte větu: Muži jsou občas... bod: A – láska, půlbod: D – sex 0
10. Z jakého důvodu sáhnete po alk... bod: C – oslava, půlbod: B – stres 1